00662nam a22001817a 4500003000400000005001700004008004100021040002900062050002100091100003000112245003600142250001100178260004700189650005000236942001500286952016200301999001700463OSt20250826125927.0250826b |||||||| |||| 00| 0 eng d cChuka university library aPR 1174 .N6 1996 aFerguson, Margaret921715 aThe norton anthology of poetry. a4th Ed aNew YorkbW.W. Norton & company, incc1996 a1. English poetry. 2. American poetry.920921 2lcccBKn0 00102lcc40708LGLaCHKbPGcGENd2025-07-01eDonation from books of Africag65.94l0oPR 1174 .N6 1996p28638/2025r2025-08-26 13:00:28t1w2025-08-26yBK c20651d20651